| 000 | 00575nam a2200193Ia 4500 | ||
|---|---|---|---|
| 003 | OSt | ||
| 005 | 20260416113954.0 | ||
| 008 | 210210b1981 xxu||||| |||| 00| 0 eng d | ||
| 040 | _cAL | ||
| 041 | _aKannada | ||
| 082 | _aS491.5 SHAS | ||
| 100 |
_aSHANABHAGA (D N). _dಡಿ.ಎನ್. ಶಾನಭಾಗ _9261821 |
||
| 245 |
_aSubodha samskrata vyakarana. _bಸುಬೋಧ ಸಂಸ್ಕೃತ ವ್ಯಾಕರಣ್ |
||
| 260 |
_aDharavada. _bBharata buk dipo _c1981 |
||
| 300 | _a224,ii | ||
| 690 |
_aSanskrit Grammar _9261822 |
||
| 906 | _a035987 | ||
| 942 |
_2ddc _cBK |
||
| 999 |
_c86615 _d86615 |
||